000 00778nam a2200253 a 4500
001 52636
003 BD-RjUL
005 20211209075834.0
008 160924s1959 ar 0 0engeng
035 _a(BD-RjUL)52756
040 _aQSL
_beng
_cQSL
_dBD-RjUL
041 _aeng
082 0 4 _a378.42659
_223
_bUNS 1959
110 2 _aUniversity of Cambridge.
_9157408
245 1 4 _aThe student's handbook to the University & colleges of Cambridge /
246 3 8 _aStudent's handbook to Cambridge
250 _a49th ed.
260 _aCambridge :
_bC.U.P.,
_c1959
300 _a487 p. :
_c17 cm.
610 2 0 _aUniversity of Cambridge
_9157408
650 _aCurricula
_xPeriodicals.
_9151695
785 0 0 _aUniversity of Cambridge.
_tCambridge University Handbook
942 _2ddc
_cBK
999 _c52636
_d52636